000 01270nam a22003497a 4500
003 CHAP
005 20250925062746.0
008 971013s1982 r 00010 d
010 _a42894
011 _a43866
035 _a48003
040 _cCHAP
090 _aTesis
100 0 0 _aPeralta Martínez, Patricia.
_987035
245 _aContribución al desarrollo de índices de selección simplificados bajo el criterio de independencia entre caracteres y su aplicación a sementales Brahaman de registro
260 _a(Monterrey, N.L.) :
_bEl autor,
_c1982
300 _a43 h.
502 _aTesis (Ing. Agr. Zootecnista) -- ITESM. Div. de Ciencias Agropecuarias y Marítimas
590 _aALEPH
_b10
_c20130110
_lUCH01
_h1311
590 _aBATCH-UPD
_b10
_c20130110
_lUCH01
_h0320
590 _aBATCH-UPD
_b10
_c20130110
_lUCH01
_h2100
590 _aBATCH-UPD
_b10
_c20130409
_lUCH01
_h2353
590 _aBATCH-UPD
_b10
_c20130410
_lUCH01
_h1546
590 _aBATCH-UPD
_b10
_c20130914
_lUCH01
_h1511
590 _aCONVERSION
_b10
_c20130109
_lUCH01
_h1324
650 1 7 _aGanado cebú
_2
_945056
650 1 4 _aGanado vacuno
_xGenética.
_945470
650 1 4 _aGanado vacuno
_xSelección.
_945513
901 _aBK
942 _cTESIS
949 _bBC
_cTES
_d-108872
_eTS1
_i48003
_si
999 _c42894
_d42894